Εισαγωγή στην εικαστική γλώσσα
Αποθηκεύτηκε σε:
| Κύριος συγγραφέας: | |
|---|---|
| Μορφή: | Βιβλίο |
| Γλώσσα: | Greek |
| Δημοσίευση: |
Αθήνα :
Gutenberg,
2006 c1988.
|
| Θέματα: | |
| Ετικέτες: |
Προσθήκη ετικέτας
Δεν υπάρχουν, Καταχωρήστε ετικέτα πρώτοι!
|
MARC
| LEADER | 00000cam a2200000 i 4500 | ||
|---|---|---|---|
| 001 | 1/12849 | ||
| 008 | 970207r20061988gr | ||| |||| ||gre|| | ||
| 020 | |a 9600100497 | ||
| 035 | |1 ΠΑΡ |a 1997 |b 06/12 |c ΒΟΥΛΓΑΡΑΚΗΣ |l 10018795 | ||
| 035 | |a 1989 |b 2 |c Δωρεά | ||
| 040 | |a GR-MyUA |b gre |e AACR2 | ||
| 041 | 0 | |a gre | |
| 082 | 0 | |a 707 |2 (23) | |
| 100 | 1 | |a Κοζάκου-Τσιάρα, Όλγα, |d 1946- | |
| 245 | 1 | 0 | |a Εισαγωγή στην εικαστική γλώσσα / |c Ολγα Κοζάκου-Τσιάρα. |
| 260 | |a Αθήνα : |b Gutenberg, |c 2006 c1988. | ||
| 300 | |a 86 σ. : |b εγχρ.,εικ. ; |c 21Χ21 εκ. | ||
| 500 | |a Το Παράρτημα Σάμου διαθέτει την 6η ανατύπωση του 2006. | ||
| 500 | |a Τα αντίτυπα c.2 και 3 Λέσβου, είναι ανατύπωση του 2006. | ||
| 500 | |a Το Παράρτημα Λήμνου διαθέτει την 6η ανατύπωση του 2006. | ||
| 504 | |a Βιβλιογραφία: σ. 85-86. | ||
| 650 | 0 | 0 | |a Arts |x Study and teaching. |
| 650 | 0 | 0 | |a Painting |x Technique. |
| 852 | |a INST |b LEMNOS |e 20150803 |h 707 ΚΟΖ |p 005600001413 |q 005600001413 |t BK |y 0 | ||
| 852 | |a INST |b LESVOS |e 20000817 |h 707 ΚΟΖ |p 005100020503 |q 005100020503 |t BK |y 0 | ||
| 852 | |a INST |b LESVOS |e 20110601 |h 707 ΚΟΖ |p 005100048998 |q 005100048998 |t BK |y 0 | ||
| 852 | |a INST |b LESVOS |e 20110601 |h 707 ΚΟΖ |p 005100048999 |q 005100048999 |t BK |y 0 | ||
| 852 | |a INST |b RHODES |e 19970207 |h 707 ΚΟΖ |p 005400010309 |q 005400010309 |t BK |y 0 | ||
| 852 | |a INST |b SAMOS |e 20110902 |h 707 ΚΟΖ |p 005300032556 |q 005300032556 |t BK |y 0 | ||
| 852 | |a INST |b SYROS |e 20010221 |h 707 ΚΟΖ |p 005500001382 |q 005500001382 |t BK |y 0 | ||
| 901 | |a BIBL3-2011-3 | ||
| 901 | |a BIBL5-2001-1 | ||
| 901 | |a BIBL1-2000-2 | ||
| 901 | |a BIBL1-2011-2 | ||
| 909 | |a Σ |b 167351 | ||
| 909 | |a Ε |b 085671 | ||
| 909 | |a Λ |b 051957 | ||
| 909 | |a Λ |b 167980 | ||
| 909 | |a Λ |b 167979 | ||
| 909 | |a Ρ |b 014741 | ||
| 922 | |a 3ΕΛΗ | ||
| 950 | |a 078-1997-06-30 | ||
| 970 | |a ΚΟΝΤΟΥ |b ΠΑΡΑΣΚΕΥΗ |z 2001/02/21 | ||
| 970 | |z 2000/08/ELIDOC | ||
| 970 | |z 2000/08/ΔΕΜΕΝΑΓΑΣ ΠΕΤΡΟΣ | ||